00548 2200205 4500001002100000008004100021035002000062245010600082100002100188250000600209260003200215300001100247084001400258082000800272650001400280990001200294990001200306990001200318990001200330INLIS000000000000509 ind  a0010-0424000485 aEnsiklopedia Matematika Volume 1; Sejarah Matematika( Matematika Sepanjang Sejarah )cPatricia Barnes aBarnes, Patricia a1 aBandung :bPakar Rayac2014 a88 hlm a510 PAT e a510 aNon Fiksi a0722064 a0722065 a0722066 a0722067